「ね」から始まる駅 - Statistics

General Stats
  • This quiz has been taken 28 times
  • The average score is 9 of 17
Answer Stats
Hint Answer % Correct
大阪 寝屋川市
85%
東京 練馬
85%
東京 根津
77%
鳥取 根雨
73%
北海道 根室
73%
東京 練馬高野台
65%
大阪 寝屋川公園
58%
東京 練馬春日町
58%
神奈川 根府川
50%
福島 根岸
46%
神奈川 根岸
46%
岐阜 根本
38%
新潟 根知
35%
群馬 根小屋
31%
北海道 熱郛
27%
山形 鼠ケ関
23%
山口 根笠
12%
No matching quizzes found
Score Distribution
Percent of People with Each Score
Percentile by Number Answered
Your Score History
You have not taken this quiz